000 00307nam a22001217a 4500
008 160512b xxu||||| |||| 00| 0 eng d
020 _a9780683302011
020 _a0683302019
041 _aeng
080 _a61
245 _aGlass office gynecology:
_cMichele G. Curtis; Michael P. Hopkins;
942 _2udc
_cBK
999 _c2072
_d2072